Autobiografía [de Helmut Newton] /

Guardado en:
Detalles Bibliográficos
Autor principal: Newton, Helmut (autor)
Formato: Libro
Idioma:Español
Publicado: Barcelona, España : Editorial RM, 2005, c2005
Temas:
Etiquetas: Agrega una etiqueta
Sin etiquetas, Sé el primero en etiquetar este registro!

MARC

LEADER 00000nam^a2200000^a^4500
001 000174689
005 20250521000000.0
009 20260310101536.742
020 |a 84-933036-3-1 
037 |a Acervo ITESO - Biblioteca 
041 |a ESP 
082 |a 770. 943  |b NEW AUT 
100 |a Newton, Helmut  |e (autor) 
245 1 0 |a Autobiografía [de Helmut Newton] /  |c H. Newton ; tr. por Silvia Komet. 
264 4 |a Barcelona, España :  |b Editorial RM,  |c 2005, c2005 
300 |a 293 p. 
336 |a texto  |b txt  |2 rdacontenido 
337 |a sin mediación  |b n  |2 rdamedio 
338 |a volumen  |b nc  |2 rdasoporte 
649 |a XX 
650 |a Fotógrafos Alemanes -  |x Memorias 
650 |a Artistas Alemanes -  |x Memorias 
650 |a Memorias Alemanas 
650 |a Sexualidad en la Fotografía 
650 |a Sexualidad en el Arte 
650 |a Erotismo en la Fotografía 
650 |a Erotismo en el Arte 
650 |a Cuerpo Humano en la Fotografía 
650 |a Cuerpo Humano en el Arte 
650 |a Fotografía Alemana -  |y Siglo XX 
650 |a Arte Alemán -  |y Siglo XX 
650 |a Newton, Helmut -  |x Tema Principal 
910 |a Fondo General 
920 |a Impresos - Libros 
930 |a Reserva Especial 
905 |a 103 
901 |a 0500112439  |b IT1  |c REE  |u 20250521 
902 |a https://opac.biblio.iteso.mx/vufind/Record/000174689